The Warmest Countries - Statistics

General Stats
  • This quiz has been taken 32 times
  • The average score is 11 of 16
Answer Stats
Picture Answer % Correct
Mali
96%
Niger
93%
Senegal
89%
Sudan
89%
Gambia
85%
Mauritania
85%
Benin
81%
Maldives
78%
United Arab Emirates
63%
Burkina Faso
59%
Tuvalu
59%
Djibouti
56%
Kiribati
56%
Qatar
52%
Bahrain
48%
Palau
48%
No matching quizzes found
Score Distribution
Percent of People with Each Score
Percentile by Number Answered
Your Score History
You have not taken this quiz